Služby - prípadové štúdie

Uložené v:
Podrobná bibliografia
Hlavný autor: Benešová, Dana, 1958-
Korporativný autor: Ekonomická univerzita v Bratislave. Obchodná fakulta
Ďalší autori: Kubičková, Viera, 1970-, Michalová, Valéria, Konštiak, Pavol
Médium: Kniha
Jazyk:Slovak
Vydavateľské údaje: Bratislava Vydavateľstvo EKONÓM 2009
Predmet:
Tagy: Pridať tag
Žiadne tagy, Buďte prvý, kto otaguje tento záznam!

MARC

LEADER 00000nam$a2200000$$$4500
001 0091615
005 20240502072025.0
020 |a 978-80-225-2673-9 
041 0 |a slo 
044 |a SK 
245 1 0 |a Služby - prípadové štúdie  |c Dana Benešová, Viera Kubičková 
264 1 |a Bratislava  |b Vydavateľstvo EKONÓM  |c 2009 
300 |a 176 s. [9,49 AH] 
610 2 0 |a služby 
610 2 0 |a ruch cestovný 
610 2 0 |a technológie informačné 
610 2 0 |a štúdie prípadové 
100 1 |a Benešová, Dana, 1958- 
700 1 |a Kubičková, Viera, 1970- 
700 1 |a Michalová, Valéria 
700 1 |a Konštiak, Pavol 
710 2 |a Ekonomická univerzita v Bratislave. Obchodná fakulta